El mestizo en el departamento de Arica

Salvato in:
Dettagli Bibliografici
Autore principale: Wormald Cruz, Alfredo (Autore)
Natura: Libro
Lingua:spagnolo
Pubblicazione: Santiago Ráfaga 1968
Edizione:2a. ed
Soggetti:
Tags: Aggiungi Tag
Nessun Tag, puoi essere il primo ad aggiungerne!!

MARC

LEADER 00000nam a2200000 a 4500
001 UCW4569
003 CL-VaPUC
008 900529e19680000CL |||||||||||||||||spa|d
082 0 4 |a 305.898083  |b WOR  |2 21 
100 0 |a Wormald Cruz, Alfredo  |e author  |9 309329 
245 1 3 |a El mestizo en el departamento de Arica 
250 |a 2a. ed 
300 |a 210 p 
942 |c BK 
945 |d 19900529 00:00:00 
260 |a Santiago  |b Ráfaga  |c 1968 
650 7 |a MESTIZOS HISTORIA  |2 CL-VaPUC  |9 309330 
650 0 |a Indios de Chile  |x Vida social y costumbres  |9 309331 
651 0 |a Arica  |9 309332 
583 |a last modification  |c 19900529 00:00:00  |k Rodrigo Vera 
999 |c 218260  |d 218258 
952 |0 0  |1 0  |4 0  |6 305_898083000000000_WOR_1968  |7 0  |8 P  |9 207461  |a BIBEDU  |b BIBEDU  |c BIBEDU_PB  |d 2019-11-15  |i 2752832  |o 305.898083 WOR 1968  |p 2752832  |r 2024-01-25  |w 2019-11-15  |y BK  |k EDU